| 000 | 00459nam a22001337a 4500 | ||
|---|---|---|---|
| 008 | 241029b |||||||| |||| 00| 0 eng d | ||
| 020 | _a9789966262011 | ||
| 050 |
_aJZ5584.S74 _b.A34 |
||
| 100 | _aAgesa, Ruth M. | ||
| 245 |
_aWomen's role in the negotiation processes in Southern Sudan : _b A case of the 2005 Machakos/ Naivasha peace process/by _cRuth M. Agesa |
||
| 260 |
_aEldoret, Kenya _bUtafiti foundation _c2022 |
||
| 300 | _axi, 67p. | ||
| 942 |
_2lcc _cBK |
||
| 999 |
_c20538 _d20537 |
||